Normal view MARC view
  • Naim Sipra

Entry Personal Name

Number of records used in: 1

001 - CONTROL NUMBER

  • control field: 133213

003 - CONTROL NUMBER IDENTIFIER

  • control field: NUST

005 - DATE AND TIME OF LATEST TRANSACTION

  • control field: 20260216103205.0

008 - FIXED-LENGTH DATA ELEMENTS

  • fixed length control field: 260216|| aca||aabn | a|a d

040 ## - CATALOGING SOURCE

  • Original cataloging agency: NUST
  • Transcribing agency: NUST

100 ## - HEADING--PERSONAL NAME

  • Personal name: Naim Sipra

670 ## - SOURCE DATA FOUND

  • Source citation: Work cat.: (NUST)351187: Naim Sipra, AIDS AWARENESS SOCIETY (AAS), LAHORE , 2007
© 2023 Central Library, National University of Sciences and Technology. All Rights Reserved.